000 00495nam a2200181Ia 4500
001 3677
005 20260306145701.0
008 260306t2015||||xx |||||||||||||| ||spa||
041 _aESP
082 _a302
_bG24
100 _aGarcía Peña, Jairo
_eAUT
245 0 _aIntervención psicosocial como aporte al desarrollo humano local:
_ben el ámbito público de Medellín
260 _c2015
300 _a143 páginas :
_c22 cm.
650 _aGEN
654 _aCPS
942 _cLIB
_dJUS
_fJUS
_2ddc
_n
999 _c3677
_d3677